Statistics for Countries That Have Controlled Bavaria

Click here to take the quiz!

General Stats

  • This quiz has been taken 351 times
  • The average score is 11 of 19

Answer Stats

YearsCountry% Correct
1990-PresentGermany
98%
900-963Germany
98%
1873-1945Germany
98%
1950-1990West Germany
98%
BC-395Roman Empire
94%
395-476Western Roman Empire
94%
963-1649Holy Roman Empire
77%
1945-1950United States
76%
561-790Bavaria
72%
877-880Bavaria
72%
1649-1873Bavaria
72%
790-843Franks
31%
884-888Franks
31%
559-561Franks
31%
476-536Ostrogoths/Odoacer
31%
843-877East Francia
15%
888-900East Francia
15%
880-884East Francia
15%
536-559Austrasia
1%

Score Distribution

Percentile by Number Answered

Percent of People with Each Score

Your Score History

You have not taken this quiz